000
00289nam a2200133Ia 4500
008
090707b ii f a fnsan d
100
_a
Mohanjit
_9
4837
245
_a
Hawa piyaji
260
_a
Chandigarh
260
_b
Lokgeet Parkashan
260
_c
2005
300
_a
120p
942
_c
BK
999
_c
21174
_d
21174